000 01042nam a22002417a 4500
008 170729s2004 xxu||||| |||| 00| 0 eng d
020 _a3775713956
082 0 4 _a708
_bV832m
100 1 _aViso, Olga M.
_95868
245 1 3 _aAna Mendieta :
_bearth body , sculpture and performance 1972-1985 /
_cOlga M. Viso.
250 _a1a edición.
260 _aEstados Unidos :
_bHirshhorn Museum and Sculpture Garden ; Hatje Cantz Publishers,
_c2004.
300 _a286 páginas :
_bilustraciones en color.
505 0 _tForeword
_rNed Rifkin.
_tAcknowledgments
_rOlga M. Viso.
_tThe memory of history
_rOlga M. Viso.
_tAna Mendieta's lowa years 1970-1980
_rJulia P. Herzberg.
_tOne energy
_rGuy Brett.
_tSubtle bodies: the invisible films of Ana Mendieta
_rChrissie Iles.
_tAna Mendieta: a life in context
_rLaura Roulet.
653 1 0 _aArte contemporáneo
653 1 0 _aCatálogo de exhibición
653 1 0 _aExhibiciones
653 1 0 _aArte - Cuba
653 1 0 _aArtistas cubanos
653 1 0 _aPerformance
653 1 0 _aEscultura
653 1 0 _aVideoarte
999 _c1231
_d1231